| 000 | 00625nam a22002057a 4500 | ||
|---|---|---|---|
| 999 |
_c3188 _d3188 |
||
| 003 | AR-CdUCM | ||
| 008 | 190306b ||||| |||| 00| 0 spa d | ||
| 040 |
_aMUNICIPALIDAD PROVINCIAL DEL CUSCO _cBIBLIOTECA MUNICIPAL DEL CUSCO |
||
| 082 |
_a858.83 / _bC |
||
| 100 |
_aAmicis, Edmundo de _910709 |
||
| 245 | _aCorazón (diario de un niño) / | ||
| 260 |
_aMadrid : _bEdit.Hernando, _c1963. |
||
| 300 |
_a325 paginas ; _c16 cm. |
||
| 505 | _aContenido :Cuentos italianos / | ||
| 650 |
_aCuentos italianos _91307 |
||
| 650 |
_aLiteratura italiana _9615 |
||
| 650 |
_aSiglo XIX _9971 |
||
| 942 |
_2ddc _cLIBROS |
||
| 945 | _arjall | ||